000 01050nac a22003137a 4500
001 BR8806128
003 BR-BrBNA
005 20240105120841.0
008 230509b bl.|||m| |||| 00| 0 por d
040 _aBR-BrBNA
_bpor
_cBiblioteca Nacional de Agricultura
072 _aE16
090 _a9410 BR8806128
100 1 _aSimao Neto, M.
100 1 _aGoncalves, C.A.
100 1 _aSilva, E.D. da
100 1 _aBatista, H.M.
100 1 _aCastelo, P.
110 1 _aUnidade de Execucao de Pesquisa de Ambito Estadual de Belem, PA (Brasil)
_910340
245 1 _aEstimativa do custo da producao de leite na Regiao Bragantina
246 1 _a[Estimative of milk production cost at the region of Bragantina, Brazil]
260 3 _aBelem, PA (Brasil):
_c1987.
300 _a11 p.
490 _aDocumentos - Unidade de Execucao de Pesquisa de Ambito Estadual de Belem (Brazil)
_vno. 2
_x
650 _aLEITE
650 _aCUSTO DE PRODUCAO
650 _aBRAGANTINA
909 _a202312
_bLúcia Elande
_c55
_dLúcia Elande
942 _2AGRIS
_n0
_cMS
999 _c281775
_d281775